Szybkie dzielenie - nagła śmierć - Statystyki

Ogólne statystyki
  • Ten quiz został rozwiązany 19 987 razy
  • Średni wynik to 13 z 50
Statystyki odpowiedzi
Działanie Odpowiedź % Poprawnych
10÷5 2
29%
90÷10 9
29%
10÷10 1
28%
8÷4 2
28%
21÷7 3
28%
15÷5 3
28%
9÷3 3
28%
6÷2 3
28%
20÷5 4
28%
8÷2 4
28%
4÷1 4
28%
40÷10 4
28%
10÷2 5
28%
50÷10 5
28%
12÷2 6
28%
21÷3 7
28%
14÷2 7
28%
70÷10 7
28%
16÷2 8
28%
18÷9 2
27%
16÷8 2
27%
12÷6 2
27%
6÷3 2
27%
4÷2 2
27%
20÷10 2
27%
27÷9 3
27%
12÷4 3
27%
3÷1 3
27%
30÷10 3
27%
24÷6 4
27%
16÷4 4
27%
12÷3 4
27%
30÷6 5
27%
25÷5 5
27%
15÷3 5
27%
30÷5 6
27%
18÷3 6
27%
60÷10 6
27%
7÷1 7
27%
8÷1 8
27%
80÷10 8
27%
81÷9 9
27%
18÷2 9
27%
9÷1 9
27%
14÷7 2
26%
32÷8 4
26%
28÷7 4
26%
40÷8 5
26%
35÷7 5
26%
20÷4 5
26%
5÷1 5
26%
36÷6 6
26%
24÷4 6
26%
6÷1 6
26%
49÷7 7
26%
35÷5 7
26%
64÷8 8
26%
40÷5 8
26%
32÷4 8
26%
45÷5 9
26%
27÷3 9
26%
2÷1 2
25%
18÷6 3
25%
36÷9 4
25%
45÷9 5
25%
24÷8 3
24%
42÷7 6
24%
63÷9 7
24%
72÷9 8
24%
56÷7 8
24%
48÷6 8
24%
24÷3 8
24%
54÷9 6
23%
48÷8 6
23%
56÷8 7
23%
42÷6 7
23%
28÷4 7
23%
72÷8 9
23%
63÷7 9
23%
36÷4 9
23%
54÷6 9
19%
Nie znaleziono quizów pasujących do podanych kryteriów
Rozkład punktacji
Procent ludzi z każdym wynikiem
Percentyl według liczby udzielonych odpowiedzi
Twoja historia wyników
Nie rozwiązałeś tego quizu